[Event "SG Mengede 1 - SV Unser Fritz 1"]
[Site "Verbandsklasse, Gruppe 3 2017"]
[Date "2018.01.14"]
[Round "5.6"]
[White "Malstaedt, Frank"]
[Black "Koch, Till"]
[Result "0-1"]
[WhiteElo "1776"]
[BlackElo "1745"]
[Annotator "Daniel"]
[PlyCount "108"]
[EventDate "2018.??.??"]

1. e4 e6 2. d4 d5 3. e5 c5 4. c3 Nc6 5. Be3 cxd4 6. cxd4 Nge7 7. Bd3 Nf5 8.
Bxf5 exf5 9. Ne2 Be7 10. Nbc3 O-O 11. Qb3 Be6 12. O-O Qd7 13. Qa4 a6 14. Rfc1
Rfc8 15. Qd1 b5 16. Nf4 Na5 17. Qf3 Rd8 18. Rc2 Rac8 19. Rac1 Nc4 20. g3 g5 21.
Nfxd5 Bxd5 22. Nxd5 Qxd5 23. Qxd5 Rxd5 24. b3 Ba3 25. bxc4 Bxc1 26. cxd5 Rxc2
27. d6 $11 Rc8 28. d7 Rd8 29. Bxc1 Rxd7 30. Bb2 f6 31. f4 fxe5 32. fxe5 Kf7 33.
Kf2 Rc7 34. Kg1 Rc2 35. Ba3 Rxa2 36. Bc5 Ke6 37. h4 gxh4 38. gxh4 Rc2 39. Bb4
Rc4 40. Bc5 Rxc5 41. dxc5 Kxe5 42. Kf2 Kd5 43. Kf3 b4 44. Kf4 b3 45. Kxf5 b2
46. c6 Kxc6 47. Kg5 b1=Q 48. h5 Qe4 49. Kh6 Kd7 50. Kg7 Qg4+ 51. Kh6 Qf5 52.
Kg7 Qxh5 53. Kh8 Qg5 54. Kxh7 Ke7 0-1

[Event "SG Mengede 1 - SV Unser Fritz 1"]
[Site "Verbandsklasse, Gruppe 3 2017"]
[Date "2018.01.14"]
[Round "5.7"]
[White "Pohl, Martin"]
[Black "Ewers, Christian"]
[Result "1/2-1/2"]
[WhiteElo "1638"]
[BlackElo "1764"]
[PlyCount "81"]
[EventDate "2018.??.??"]

1. c4 f5 2. Nc3 e6 3. g3 Nf6 4. Bg2 d6 5. e3 g6 6. b3 Bg7 7. Bb2 O-O 8. Nge2
Qe7 9. O-O c6 10. Qc2 Na6 11. a3 Nc7 12. d4 e5 13. Rfe1 e4 14. Rad1 d5 15. c5
g5 16. a4 Nh5 17. Bc1 Ne6 18. f4 exf3 19. Bxf3 Qf7 20. Rf1 g4 21. Bxg4 Ng5 22.
e4 Nxe4 23. Bf3 Qg6 24. Nf4 Nxf4 25. Bxf4 Bd7 26. Ne2 Rae8 27. b4 Rf7 28. Qc1
Rfe7 29. Rfe1 Bf6 30. Kf1 h5 31. Be5 Bg5 32. Bf4 h4 33. Bxg5 Nxg5 34. Nf4 Qh7
35. Rxe7 Qxe7 36. Bh5 hxg3 37. hxg3 Qe4 38. Bxe8 Bxe8 39. Re1 Qf3+ 40. Kg1
Qxg3+ 41. Kf1 1/2-1/2

[Event "SG Mengede 1 - SV Unser Fritz 1"]
[Site "Verbandsklasse, Gruppe 3 2017"]
[Date "2018.01.14"]
[Round "5.8"]
[White "Ropel, Dennis"]
[Black "Engelmann, Chris"]
[Result "1/2-1/2"]
[WhiteElo "1481"]
[BlackElo "1782"]
[PlyCount "52"]
[EventDate "2018.??.??"]

1. c4 Nf6 2. Nc3 e6 3. g3 d5 4. cxd5 exd5 5. d4 c6 6. Bg2 Be7 7. Nf3 O-O 8. O-O
h6 9. a3 a5 10. Bd2 Be6 11. Ne5 Nbd7 12. Nd3 Bf5 13. Be1 Qb6 14. e3 Bxd3 15.
Qxd3 Qxb2 16. Bd2 Qb6 17. Rab1 Qc7 18. a4 Ra6 19. Rfc1 Nb6 20. Be1 Bb4 21. Qd1
Bxc3 22. Rxc3 Ne4 23. Bxe4 dxe4 24. Rcb3 Rfa8 25. Bxa5 Rxa5 26. Rxb6 Rxa4
1/2-1/2

[Event "SV Bochum-Linden 1 - SC Buer-Hassel 1"]
[Site "Verbandsklasse, Gruppe 3 2017"]
[Date "2018.01.14"]
[Round "5.1"]
[White "Griebl, Joern"]
[Black "Hahn, Matthias"]
[Result "1/2-1/2"]
[WhiteElo "2179"]
[BlackElo "2065"]
[Annotator "Daniel"]
[PlyCount "136"]
[EventDate "2018.??.??"]

1. d4 d5 2. c4 e6 3. Nc3 Nf6 4. Bg5 Be7 5. e3 h6 6. Bxf6 Bxf6 7. Nf3 O-O 8. Rc1
a6 9. a3 Be7 10. Bd3 dxc4 11. Bxc4 c5 12. O-O cxd4 13. exd4 Nc6 14. Ba2 Bf6 15.
Ne4 Kh8 16. Qd3 Nxd4 17. Nxf6 Nxf3+ 18. Qxf3 Qxf6 19. Qxf6 gxf6 $11 20. Rc7 Kg7
21. f4 f5 22. Rd1 Rb8 23. Rd6 Kf6 24. a4 Re8 25. Rc3 Ke7 26. Rcd3 b6 27. Kf2
Rb7 28. Ke3 Bd7 29. Bb3 Rc8 30. R6d4 b5 31. a5 Rc5 32. Bd1 b4 33. Bf3 Rbc7 34.
Rxb4 Rxa5 35. Rb6 Bb5 36. Rc3 Rxc3+ 37. bxc3 Ra3 38. Rb7+ Kd6 39. Kd2 Ra4 40.
Rxf7 Rxf4 41. Rh7 Rh4 42. h3 Bc6 43. Bxc6 Kxc6 44. Re7 Kd5 45. Kd3 Kd6 46. Ra7
Ra4 47. Rh7 Ra2 48. g4 Rh2 49. gxf5 Rxh3+ 50. Kc4 exf5 51. Ra7 Ke5 52. Rxa6 f4
53. Ra8 Ke4 54. Re8+ Kf3 55. Kd4 Kg2 56. Rf8 Kf3 57. c4 Rh1 58. c5 Kg3 59. Rg8+
Kf2 60. c6 Rc1 61. Ke5 f3 62. Kd6 Ke2 63. Re8+ Kf1 64. c7 f2 65. c8=Q Rxc8 66.
Rxc8 Kg1 67. Rg8+ Kh2 68. Rf8 Kg2 1/2-1/2

[Event "SV Bochum-Linden 1 - SC Buer-Hassel 1"]
[Site "Verbandsklasse, Gruppe 3 2017"]
[Date "2018.01.14"]
[Round "5.2"]
[White "Boehm, Ingo"]
[Black "Bossy, Arnim"]
[Result "1/2-1/2"]
[WhiteElo "2066"]
[BlackElo "2142"]
[Annotator "Daniel"]
[PlyCount "64"]
[EventDate "2018.??.??"]

1. e4 d5 2. exd5 Qxd5 3. Nc3 Qd8 4. Bc4 Nf6 5. Nge2 a6 6. a3 b5 7. Ba2 Bb7 8.
O-O e6 9. d3 Be7 10. Ng3 O-O 11. Nge4 $11 Nbd7 12. Qf3 Nxe4 13. Nxe4 Nc5 14.
Be3 Nxe4 15. dxe4 c5 16. Rad1 Qc7 17. c3 Qc6 18. Qh3 Rad8 19. Bb1 e5 20. Qg4
Bc8 21. Qh5 Bf6 22. Rd5 g6 23. Qf3 c4 24. Bh6 Rfe8 25. Rfd1 Qe6 26. Be3 Bb7 27.
Rxd8 Rxd8 28. Rxd8+ Bxd8 29. Qd1 Be7 30. f3 Kg7 31. Qd2 f6 32. Bc2 Qd6 1/2-1/2

[Event "SV Bochum-Linden 1 - SC Buer-Hassel 1"]
[Site "Verbandsklasse, Gruppe 3 2017"]
[Date "2018.01.14"]
[Round "5.3"]
[White "Wolff, Christoph"]
[Black "Schreck, Roland"]
[Result "1/2-1/2"]
[WhiteElo "1948"]
[BlackElo "2111"]
[PlyCount "22"]
[EventDate "2018.??.??"]

1. e4 c5 2. Nf3 Nc6 3. Nc3 g6 4. d4 cxd4 5. Nxd4 Bg7 6. Be3 Nf6 7. Be2 O-O 8.
Nb3 a5 9. a4 d6 10. O-O Nb4 11. f4 d5 1/2-1/2

[Event "SV Bochum-Linden 1 - SC Buer-Hassel 1"]
[Site "Verbandsklasse, Gruppe 3 2017"]
[Date "2018.01.14"]
[Round "5.4"]
[White "Schaper, Steffen"]
[Black "Wiechen, Ulrich"]
[Result "1-0"]
[WhiteElo "1972"]
[BlackElo "1949"]
[Annotator "Daniel"]
[PlyCount "93"]
[EventDate "2018.??.??"]

1. e4 e6 2. d4 d5 3. e5 c5 4. c3 Nc6 5. Nf3 f6 6. exf6 Nxf6 7. a3 Qc7 8. b4 c4
9. Bg5 Bd6 10. Nbd2 O-O 11. Be2 Bd7 12. Bh4 Rae8 13. O-O a6 14. Re1 e5 15. dxe5
Nxe5 16. Nf1 Nxf3+ 17. Bxf3 Rxe1 18. Qxe1 Re8 19. Qd1 Be5 20. Bg3 Be6 21. Ne3
Bxg3 22. hxg3 Qe5 23. Qd2 Re7 24. Rd1 Rd7 $11 25. Qd4 Qc7 26. Qf4 Qc6 27. g4 h6
28. g5 hxg5 29. Qxg5 Qa4 30. Rd4 Qxa3 31. Nxd5 Bxd5 32. Bxd5+ Kf8 33. Bxc4 Rxd4
34. Qc5+ Ke8 35. Qxd4 Qc1+ 36. Bf1 Qe1 37. g3 Ne4 38. Qe5+ Kf7 39. Qd5+ Kg6 40.
Qe6+ Kh7 41. Qf5+ g6 42. Qf3 b5 43. Kg2 Nxc3 44. Qf7+ Kh6 45. Bd3 Ne4 46. Qf8+
Kh7 47. Qe7+ 1-0

[Event "SV Bochum-Linden 1 - SC Buer-Hassel 1"]
[Site "Verbandsklasse, Gruppe 3 2017"]
[Date "2018.01.14"]
[Round "5.5"]
[White "Hirschberg, Markus"]
[Black "Schmidt, Ralph"]
[Result "0-1"]
[WhiteElo "1797"]
[BlackElo "1869"]
[PlyCount "62"]
[EventDate "2018.??.??"]

1. e4 e5 2. d4 Nc6 3. dxe5 Nxe5 4. f4 Ng6 5. Bc4 Bc5 6. Bxf7+ Kxf7 7. Qd5+ Ke8
8. Qxc5 d6 9. Qd4 Qe7 10. Nc3 Nf6 11. Bd2 Nh4 12. g3 Bh3 13. Qa4+ Bd7 14. Qb4
Bc6 15. O-O-O Ng2 16. Nf3 Nxe4 17. Nd4 Nxd2 18. Nxc6 bxc6 19. Rxd2 Qe3 20. Qc4
Kd7 21. Qf1 Rab8 22. Nd1 Qe6 23. Qxg2 Qxa2 24. Rd3 Qa1+ 25. Kd2 Qa5+ 26. Rc3 d5
27. Qf2 Rhe8 28. Qc5 Qa6 29. Re1 Rxe1 30. Kxe1 Re8+ 31. Kd2 Re2+ 0-1

[Event "SV Bochum-Linden 1 - SC Buer-Hassel 1"]
[Site "Verbandsklasse, Gruppe 3 2017"]
[Date "2018.01.14"]
[Round "5.6"]
[White "Marx, Henning"]
[Black "Strohmann, Andreas"]
[Result "0-1"]
[WhiteElo "1955"]
[BlackElo "1831"]
[PlyCount "64"]
[EventDate "2018.??.??"]

1. d4 c5 2. c3 Nf6 3. Nf3 d5 4. Bg5 e6 5. e3 c4 6. Nbd2 Be7 7. Qc2 Nc6 8. Be2
O-O 9. O-O b5 10. a3 a5 11. e4 dxe4 12. Nxe4 Nxe4 13. Bxe7 Nxe7 14. Qxe4 Qd5
15. Qf4 Ng6 16. Qg3 Bb7 17. Rfe1 Qf5 18. Rac1 Nf4 19. Nh4 Qf6 20. Bf1 Rfd8 21.
Re5 b4 22. axb4 axb4 23. Nf3 bxc3 24. bxc3 Bd5 25. Nd2 Rdc8 26. Ne4 Qh6 27. Rg5
Nd3 28. Bxd3 cxd3 29. Re1 Bxe4 30. Rg4 d2 31. Rd1 Bc2 32. Rh4 Qxh4 0-1

[Event "SV Bochum-Linden 1 - SC Buer-Hassel 1"]
[Site "Verbandsklasse, Gruppe 3 2017"]
[Date "2018.01.14"]
[Round "5.7"]
[White "Lazarev, Vadim"]
[Black "Hochstein, Udo"]
[Result "0-1"]
[WhiteElo "1749"]
[BlackElo "1876"]
[PlyCount "109"]
[EventDate "2018.??.??"]

1. e4 c5 2. Nc3 e6 3. g3 Nc6 4. Bg2 Nf6 5. Nge2 Be7 6. O-O O-O 7. d3 a6 8. Be3
d6 9. f4 Rb8 10. h3 Ne8 11. d4 cxd4 12. Nxd4 Bf6 13. Nf3 Qa5 14. Rb1 Bxc3 15.
bxc3 Qxa2 16. Nd4 Bd7 17. Qd3 Nxd4 18. Bxd4 Bb5 19. c4 Qxc4 20. Qd2 Qc7 21.
Rfc1 Bc6 22. c4 Qd8 23. Qc3 f6 24. Rd1 Rf7 25. g4 Qc8 26. c5 dxc5 27. Qxc5 Nc7
28. Rd2 Nb5 29. Bf2 Qe8 30. Rbd1 Re7 31. Qb6 Rd7 32. Rxd7 Bxd7 33. e5 fxe5 34.
fxe5 Bc6 35. Bf1 Nc3 36. Rd4 Nd5 37. Qc5 Qf7 38. Bg2 Rf8 39. Rd2 Qf4 40. Bxd5
Bxd5 41. Qe3 Qxe3 42. Bxe3 Rf3 43. Bc5 Rxh3 44. Rd4 Kf7 45. Kf2 Kg6 46. Be7 Kf7
47. Bd6 h5 48. g5 Kg6 49. Be7 b5 50. Rf4 a5 51. Rf8 a4 52. Rg8 Kf7 53. Rb8 Kxe7
54. Rxb5 a3 55. Ra5 0-1

[Event "SV Bochum-Linden 1 - SC Buer-Hassel 1"]
[Site "Verbandsklasse, Gruppe 3 2017"]
[Date "2018.01.14"]
[Round "5.8"]
[White "Pappert, Thomas"]
[Black "Semina, Svetlana"]
[Result "1/2-1/2"]
[WhiteElo "1750"]
[BlackElo "2126"]
[PlyCount "81"]
[EventDate "2018.??.??"]

1. e4 e6 2. b3 d5 3. Bb2 dxe4 4. Nc3 Nf6 5. Qe2 Be7 6. O-O-O Nbd7 7. Nxe4 O-O
8. d4 a5 9. a4 b6 10. Qf3 Rb8 11. Bd3 Nd5 12. h4 Nb4 13. Qg3 Nxd3+ 14. Rxd3 f5
15. Ng5 Nf6 16. N1h3 Bd6 17. Qe3 Nd5 18. Qe2 h6 19. Nf3 Re8 20. c4 Nf4 21. Nxf4
Bxf4+ 22. Kc2 Bb7 23. Nd2 Bxg2 24. Rg1 Bb7 25. d5 e5 26. Qh5 Qf6 27. Rf3 Qf7
28. Qxf7+ Kxf7 29. Rxf4 exf4 30. Rxg7+ Kf8 31. Rxc7 Bc8 32. Kd3 f3 33. Nxf3 f4
34. Bg7+ Kg8 35. Bxh6 Bf5+ 36. Kd2 Re4 37. Rg7+ Kh8 38. Rg5 Bd7 39. Bg7+ Kh7
40. Be5 Rg8 41. Kd3 1/2-1/2

[Event "Dortmunder SV 1 - SV Horst-Emscher 1"]
[Site "Regionalliga 2017/2018"]
[Date "2018.02.11"]
[Round "6.2"]
[White "Mallee, Ralph"]
[Black "Kroeger, Fabian"]
[Result "0-1"]
[WhiteElo "2087"]
[BlackElo "2222"]
[PlyCount "46"]
[EventDate "2018.??.??"]

1. e4 c5 2. c3 d6 3. d4 Nf6 4. dxc5 Nc6 5. Be2 Nxe4 6. cxd6 Qb6 7. Be3 Qxb2 8.
Bf3 Qxa1 9. Bxe4 Qxa2 10. Nf3 exd6 11. Bd5 Qa6 12. Qb3 Be7 13. Bxf7+ Kd8 14.
Nbd2 Rf8 15. Nf1 Qa1+ 16. Kd2 Bd7 17. Ng3 Qa5 18. Rb1 Rc8 19. Rb2 b5 20. Ng5
Qc7 21. Ra2 a5 22. Qxb5 Ne5 23. Qb2 Rb8 0-1

[Event "Dortmunder SV 1 - SV Horst-Emscher 1"]
[Site "Regionalliga 2017/2018"]
[Date "2018.02.11"]
[Round "6.3"]
[White "Ahling, Michael"]
[Black "Wichtrup, Jan-Louis"]
[Result "1/2-1/2"]
[WhiteElo "2106"]
[BlackElo "1960"]
[PlyCount "69"]
[EventDate "2018.??.??"]

1. d4 d5 2. Bf4 Nf6 3. e3 c5 4. c3 Nc6 5. Nd2 e6 6. Ngf3 Bd6 7. Bg3 O-O 8. Bd3
b6 9. e4 Be7 10. e5 Nh5 11. a3 c4 12. Bc2 Bd7 13. Qe2 g6 14. Nf1 b5 15. h3 Nxg3
16. Nxg3 a5 17. h4 b4 18. h5 bxc3 19. bxc3 Bg5 20. Rb1 Rb8 21. Rxb8 Nxb8 22.
Nxg5 Qxg5 23. Qd2 Qxd2+ 24. Kxd2 Nc6 25. Nf1 f5 26. exf6 Rxf6 27. f3 Kg7 28.
hxg6 hxg6 29. Ne3 Rf8 30. Ng4 Rb8 31. Rb1 Rxb1 32. Bxb1 Be8 33. Bc2 Ne7 34. Ne5
Kf6 35. Ke2 1/2-1/2

[Event "Dortmunder SV 1 - SV Horst-Emscher 1"]
[Site "Regionalliga 2017/2018"]
[Date "2018.02.11"]
[Round "6.4"]
[White "Wittmann, Rainer"]
[Black "Buschmann, Andreas"]
[Result "1/2-1/2"]
[WhiteElo "1981"]
[BlackElo "2017"]
[PlyCount "49"]
[EventDate "2018.??.??"]

1. e4 c5 2. Nf3 d6 3. d4 cxd4 4. Nxd4 Nf6 5. f3 g6 6. Be3 Bg7 7. c4 Nc6 8. Qd2
Bd7 9. Nc3 a6 10. Be2 O-O 11. O-O Rc8 12. Rfd1 Nxd4 13. Bxd4 Bc6 14. b4 Nh5 15.
Be3 f5 16. exf5 gxf5 17. Rac1 Kh8 18. b5 axb5 19. cxb5 Be8 20. Nd5 Rxc1 21.
Rxc1 e6 22. Bb6 Qh4 23. Bf2 Qd8 24. Bb6 Qh4 25. Bf2 1/2-1/2

[Event "Dortmunder SV 1 - SV Horst-Emscher 1"]
[Site "Regionalliga 2017/2018"]
[Date "2018.02.11"]
[Round "6.5"]
[White "Becker, Marco"]
[Black "Huettemann, Karl-Heinz"]
[Result "1/2-1/2"]
[WhiteElo "1994"]
[BlackElo "1963"]
[PlyCount "86"]
[EventDate "2018.??.??"]

1. e4 c5 2. g3 Nc6 3. Bg2 g6 4. Ne2 Bg7 5. O-O e6 6. c3 Nge7 7. d3 d5 8. f4
dxe4 9. dxe4 Qxd1 10. Rxd1 Bd7 11. Be3 b6 12. Na3 Na5 13. Rac1 c4 14. Rd2 Ba4
15. Nd4 a6 16. b3 cxb3 17. axb3 Bxd4 18. Rxd4 Nxb3 19. Rxa4 Nxc1 20. Bxc1 O-O
21. Nc2 Rfd8 22. Be3 b5 23. Ra3 a5 24. Bf1 b4 25. cxb4 Rac8 26. Ra2 axb4 27.
Nxb4 Rc3 28. Kf2 f5 29. e5 Rb8 30. Bd2 Rcc8 31. Ra7 Nc6 32. Nxc6 Rxc6 33. Bd3
Rc5 34. Rd7 Rd5 35. Rxd5 exd5 36. h3 Kf7 37. Ke3 Ke6 38. g4 Ra8 39. gxf5+ gxf5
40. Bb4 Rg8 41. Ba6 Ra8 42. Be2 Ra4 43. Bd2 Ra3+ 1/2-1/2

[Event "Dortmunder SV 1 - SV Horst-Emscher 1"]
[Site "Regionalliga 2017/2018"]
[Date "2018.02.11"]
[Round "6.6"]
[White "Brockmann, Fabian"]
[Black "Arndt, Olaf"]
[Result "0-1"]
[WhiteElo "1965"]
[BlackElo "1861"]
[PlyCount "102"]
[EventDate "2018.??.??"]

1. e4 e5 2. d4 exd4 3. Qxd4 Nc6 4. Qe3 Bb4+ 5. Bd2 Qe7 6. Nc3 Nf6 7. f3 d5 8.
exd5 Qxe3+ 9. Bxe3 Nxd5 10. Bd2 Nxc3 11. Bxc3 Bxc3+ 12. bxc3 O-O 13. Kf2 Be6
14. Bd3 Rad8 15. Ne2 Ne5 16. Nf4 Rfe8 17. Nxe6 Rxe6 18. Rhd1 Red6 19. Be2 Kf8
20. Rxd6 Rxd6 21. Ke3 Ke7 22. Rb1 b6 23. Rb4 Re6 24. Kd2 g5 25. Bd3 a5 26. Rd4
h6 27. Be4 c5 28. Rd5 Rd6 29. Ke3 Rxd5 30. Bxd5 Kd6 31. Be4 Nc4+ 32. Ke2 Ke5
33. g3 f5 34. Bd3 Nd6 35. Ke3 c4 36. Be2 f4+ 37. gxf4+ gxf4+ 38. Kf2 Kd5 39.
Ke1 Nb5 40. Kd2 Na3 41. Bf1 Nb1+ 42. Kc1 Nxc3 43. Kb2 Kd4 44. Bh3 b5 45. Bd7 b4
46. a3 bxa3+ 47. Kxa3 Nb1+ 48. Ka4 Kc3 49. Kb5 Nd2 50. Bf5 Nxf3 51. h3 Nd4+ 0-1

[Event "Dortmunder SV 1 - SV Horst-Emscher 1"]
[Site "Regionalliga 2017/2018"]
[Date "2018.02.11"]
[Round "6.7"]
[White "Goeldenboog, Juergen"]
[Black "Wolff, Torsten"]
[Result "1-0"]
[WhiteElo "1829"]
[BlackElo "1901"]
[Annotator "Daniel"]
[PlyCount "89"]
[EventDate "2018.??.??"]

1. d4 Nf6 2. c4 g6 3. Nc3 d5 4. Nf3 Bg7 5. Qb3 dxc4 6. Qxc4 O-O 7. Bf4 Na6 8.
e4 Bg4 9. Be2 c5 10. d5 Nd7 11. O-O Bxf3 12. Bxf3 Ne5 13. Bxe5 Bxe5 14. g3 Qc8
15. Be2 Nb4 16. Rac1 Na6 17. Rfd1 Nb8 18. Na4 b6 19. b4 Nd7 20. bxc5 Nxc5 21.
Nxc5 Qxc5 22. Qxc5 bxc5 23. Rxc5 Rfc8 $11 24. Rc6 g5 25. h4 Rxc6 26. dxc6 Rc8
27. Rd5 f6 28. Bb5 gxh4 29. gxh4 Kg7 30. Kg2 Rc7 31. Kf3 Kf7 32. Kg4 Bd6 33. f4
Bb4 34. h5 h6 35. Rd8 Kg7 36. Kf5 e5 37. fxe5 fxe5 38. Kxe5 Re7+ 39. Kd5 Ba5
40. Rd6 Bc7 41. Rg6+ Kh7 42. Re6 Rf7 43. e5 Bb6 44. Bd3+ Kg7 45. Rg6+ 1-0

[Event "Dortmunder SV 1 - SV Horst-Emscher 1"]
[Site "Regionalliga 2017/2018"]
[Date "2018.02.11"]
[Round "6.8"]
[White "Bryjak, Hans Guenther"]
[Black "Konietzka, Bernd"]
[Result "1/2-1/2"]
[WhiteElo "1943"]
[BlackElo "1889"]
[PlyCount "46"]
[EventDate "2018.??.??"]

1. Nf3 c5 2. c4 e6 3. e3 Nf6 4. Nc3 Nc6 5. d4 cxd4 6. Nxd4 a6 7. Nxc6 bxc6 8.
Be2 d5 9. O-O Bd6 10. Bf3 Bb7 11. g3 O-O 12. e4 Be5 13. exd5 cxd5 14. cxd5 Bxc3
15. bxc3 Bxd5 16. Bg5 h6 17. Bxd5 exd5 18. Bxf6 Qxf6 19. Qxd5 Qxc3 20. Rac1 Qb2
21. Rc7 Rad8 22. Qc4 Rd6 23. a4 Qb6 1/2-1/2

[Event "Weiße Dame Borbeck 1 - SV Königsspringe"]
[Site "Regionalliga 2017/2018"]
[Date "2018.02.11"]
[Round "6.1"]
[White "Happel, Heiner"]
[Black "Loyen, Egbert"]
[Result "0-1"]
[WhiteElo "2171"]
[BlackElo "2176"]
[PlyCount "26"]
[EventDate "2018.??.??"]

1. Nf3 d6 2. g3 g6 3. Bg2 Bg7 4. O-O Nf6 5. c4 O-O 6. Nc3 e5 7. d3 Nc6 8. Rb1
a5 9. a3 Nd4 10. b4 axb4 11. axb4 Ne8 12. b5 f5 13. Bg5 Nxf3+ 0-1

[Event "Weiße Dame Borbeck 1 - SV Königsspringe"]
[Site "Regionalliga 2017/2018"]
[Date "2018.02.11"]
[Round "6.2"]
[White "Hillenbrand, Michael"]
[Black "Frombach, Ralf"]
[Result "0-1"]
[WhiteElo "2101"]
[BlackElo "2147"]
[PlyCount "122"]
[EventDate "2018.??.??"]

1. c4 Nf6 2. Nc3 g6 3. g3 Bg7 4. Bg2 O-O 5. Nf3 d6 6. d4 Nbd7 7. O-O e5 8. b3
Re8 9. e3 exd4 10. Nxd4 Nc5 11. h3 a5 12. Bb2 a4 13. Qc2 Bd7 14. Rad1 axb3 15.
axb3 Qc8 16. Kh2 h5 17. Nd5 Nxd5 18. cxd5 c6 19. dxc6 bxc6 20. Ra1 Qb7 21. Qc4
Ne4 22. Rxa8 Qxa8 23. Qc2 d5 24. Bxe4 Rxe4 25. Ra1 Qc8 26. Rc1 h4 27. g4 Be5+
28. Kg1 Kh7 29. Nf3 Bxb2 30. Qxb2 Qd8 31. Ra1 d4 32. Nxd4 Qf6 33. Qc2 Qe5 34.
Ra5 Rxg4+ 35. hxg4 Qxa5 36. Qe4 Qg5 37. Nf3 Qxg4+ 38. Qxg4 Bxg4 39. Ne5 Be6 40.
b4 Bd5 41. e4 Bxe4 42. Nxf7 Kg7 43. Nd6 Bd3 44. Kg2 Kf6 45. Kh3 g5 46. Kg4 Kg6
47. f4 Be2+ 48. Kh3 gxf4 49. Kxh4 Kf6 50. Nb7 Ke5 51. Nd8 Bf3 52. Kg5 Bd5 53.
Kg4 Ke4 54. Nb7 Ke3 55. Nd6 f3 56. Nf5+ Kd3 57. Kg3 Kc4 58. Ne3+ Kxb4 59. Nxd5+
cxd5 60. Kxf3 Kc3 61. Ke2 d4 0-1

[Event "Weiße Dame Borbeck 1 - SV Königsspringe"]
[Site "Regionalliga 2017/2018"]
[Date "2018.02.11"]
[Round "6.3"]
[White "Dargel, Manuel"]
[Black "Klasmeier, Jens"]
[Result "0-1"]
[WhiteElo "2150"]
[BlackElo "2095"]
[PlyCount "80"]
[EventDate "2018.??.??"]

1. c4 e6 2. Nc3 d5 3. d4 c5 4. cxd5 exd5 5. Nf3 Nc6 6. g3 c4 7. Bg2 Bb4 8. O-O
Nge7 9. Bf4 O-O 10. Rc1 Be6 11. Qa4 a6 12. Rfd1 b5 13. Qc2 Ba5 14. e4 Nb4 15.
Qb1 Nd3 16. Rxd3 cxd3 17. Ng5 Bxc3 18. bxc3 h6 19. Nxe6 fxe6 20. Qxd3 Rc8 21.
Bh3 Rc6 22. Re1 Ng6 23. Bd2 Qf6 24. f4 Ne7 25. Qe2 b4 26. Qd3 dxe4 27. Rxe4
bxc3 28. Bxc3 Qg6 29. Bd2 Rd8 30. Qe2 Nf5 31. Bg2 Rcd6 32. Bc3 Nxd4 33. Bxd4
Rxd4 34. Rxe6 Qb1+ 35. Bf1 a5 36. Re5 Rd2 37. Qc4+ Kh8 38. Rxa5 Rc2 39. Qb5 Qe1
40. Qb6 Qxf1+ 0-1

[Event "Weiße Dame Borbeck 1 - SV Königsspringe"]
[Site "Regionalliga 2017/2018"]
[Date "2018.02.11"]
[Round "6.4"]
[White "Dewenter, Ulf"]
[Black "Prueß, Wilfried"]
[Result "1-0"]
[WhiteElo "2120"]
[BlackElo "2052"]
[PlyCount "43"]
[EventDate "2018.??.??"]

1. e4 c5 2. Be2 Nc6 3. f4 Nf6 4. d3 d6 5. Nf3 e6 6. O-O Be7 7. a3 O-O 8. Kh1 d5
9. e5 Nd7 10. c3 d4 11. Nbd2 f6 12. cxd4 Nxd4 13. Nxd4 cxd4 14. Nf3 Qa5 15.
Nxd4 Qd5 16. Be3 fxe5 17. Bf3 Qd6 18. Nb5 Qb8 19. Rc1 exf4 20. Bg1 Bd6 21. Qb3
Re8 22. Rxc8 1-0

[Event "Weiße Dame Borbeck 1 - SV Königsspringe"]
[Site "Regionalliga 2017/2018"]
[Date "2018.02.11"]
[Round "6.5"]
[White "Kauder, Hartmut"]
[Black "Poetter, Clemens"]
[Result "0-1"]
[WhiteElo "2127"]
[BlackElo "1983"]
[PlyCount "156"]
[EventDate "2018.??.??"]

1. c4 c6 2. Nf3 d5 3. b3 Nf6 4. Bb2 Bf5 5. g3 Nbd7 6. Bg2 e6 7. Nh4 Bg4 8. h3
Bh5 9. g4 Bg6 10. d3 Bd6 11. Nd2 O-O 12. Nxg6 hxg6 13. e3 dxc4 14. Nxc4 Bb4+
15. Ke2 Qc7 16. a3 Be7 17. Rc1 e5 18. Qc2 Rfe8 19. Rhd1 Rad8 20. b4 Bf8 21. Na5
a6 22. Kf1 Re6 23. Kg1 Nb6 24. g5 Nfd5 25. h4 Ree8 26. Qe2 Na4 27. Ba1 Nab6 28.
Qg4 Nc8 29. Nc4 Ncb6 30. Na5 Nc8 31. Qg3 Bd6 32. Nc4 Qe7 33. Be4 Ncb6 34. Nxb6
Nxb6 35. h5 gxh5 36. g6 Rf8 37. gxf7+ Qxf7 38. Bg6 Qf6 39. Bxh5 Nd5 40. Rc4 Ne7
41. Rg4 Nf5 42. Qh3 Nh6 43. Rg2 Qf5 44. Qg3 Rd7 45. Bg6 Qe6 46. Be4 Rf6 47. Rf1
Nf5 48. Qg5 Rdf7 49. Re1 Be7 50. f4 Rh6 51. Qg4 Nh4 52. Qxe6 Rxe6 53. Rg4 exf4
54. exf4 Nf3+ 55. Kf2 Nxe1 56. Kxe1 Bf6 57. f5 Rd6 58. Bxf6 Rfxf6 59. Ke2 Rh6
60. Rg2 Kf7 61. Kd2 Rh4 62. Kc3 Rdh6 63. Kc4 Rh2 64. a4 Rxg2 65. Bxg2 Rh2 66.
Be4 Rc2+ 67. Kb3 Rc1 68. Kb2 Re1 69. Kc3 Ke7 70. b5 axb5 71. axb5 cxb5 72. Bxb7
Kd6 73. Kd4 Rc1 74. Bd5 Rc5 75. Be6 Re5 76. Bc8 b4 77. Ba6 Ra5 78. Bc8 b3 0-1

[Event "Weiße Dame Borbeck 1 - SV Königsspringe"]
[Site "Regionalliga 2017/2018"]
[Date "2018.02.11"]
[Round "6.6"]
[White "Korste, Sebastian"]
[Black "Schmidt, Ingo"]
[Result "1-0"]
[WhiteElo "1916"]
[BlackElo "1969"]
[PlyCount "75"]
[EventDate "2018.??.??"]

1. Nf3 c5 2. e3 Nc6 3. c4 g6 4. Nc3 Bg7 5. Be2 e6 6. O-O Nge7 7. a3 d5 8. d3
O-O 9. Rb1 d4 10. Na4 b6 11. b4 cxb4 12. axb4 Nf5 13. e4 Nh4 14. Nxh4 Qxh4 15.
g3 Qd8 16. f4 Bb7 17. b5 Ne7 18. Qb3 f5 19. c5 fxe4 20. c6 Bc8 21. dxe4 Kh8 22.
Ba3 e5 23. Nb2 exf4 24. gxf4 Rf6 25. Rbd1 a6 26. e5 Rf8 27. Bd6 Nf5 28. c7 Qh4
29. Bxf8 Bxf8 30. Qd5 Ra7 31. Qd8 Qe7 32. Rc1 Ra8 33. bxa6 g5 34. Bf3 Qg7 35.
Bxa8 gxf4+ 36. Kh1 Ng3+ 37. hxg3 fxg3 38. Rxf8+ 1-0

[Event "Weiße Dame Borbeck 1 - SV Königsspringe"]
[Site "Regionalliga 2017/2018"]
[Date "2018.02.11"]
[Round "6.7"]
[White "Klaus, Michael"]
[Black "Kindermann, Carsten"]
[Result "1/2-1/2"]
[WhiteElo "1835"]
[BlackElo "1918"]
[PlyCount "36"]
[EventDate "2018.??.??"]

1. d4 Nf6 2. Nf3 c6 3. Bf4 Qb6 4. b3 d6 5. Qd3 g6 6. e4 Bg7 7. Nbd2 O-O 8. Be2
c5 9. c3 d5 10. dxc5 Qxc5 11. Be3 Qc7 12. Nd4 a6 13. O-O e5 14. N4f3 dxe4 15.
Nxe4 Nxe4 16. Qxe4 Nc6 17. Rac1 Be6 18. Ng5 Bf5 1/2-1/2

[Event "Weiße Dame Borbeck 1 - SV Königsspringe"]
[Site "Regionalliga 2017/2018"]
[Date "2018.02.11"]
[Round "6.8"]
[White "Isdepski, Marcus"]
[Black "Sporkert, Corina"]
[Result "0-1"]
[WhiteElo "1872"]
[BlackElo "1857"]
[PlyCount "98"]
[EventDate "2018.??.??"]

1. c4 e5 2. Nc3 c6 3. d4 exd4 4. Qxd4 Qf6 5. Nf3 Bb4 6. Bd2 Qxd4 7. Nxd4 Nf6 8.
Nc2 Ba5 9. e3 d6 10. Bd3 Nbd7 11. Ne4 Bxd2+ 12. Kxd2 Nxe4+ 13. Bxe4 Ne5 14. b3
f5 15. Bd3 O-O 16. f3 c5 17. Rhe1 Be6 18. Na3 a6 19. Rac1 Rad8 20. Be2 Nc6 21.
Nb1 d5 22. cxd5 Rxd5+ 23. Kc3 Re5 24. Bd3 Nb4 25. Re2 Rd8 26. Rd1 b5 27. f4
Red5 28. Red2 g6 29. a3 Nxd3 30. Rxd3 Rxd3+ 31. Rxd3 Rxd3+ 32. Kxd3 Bxb3 33.
Kc3 Bd5 34. g3 Kf7 35. Nd2 Ke6 36. Kd3 a5 37. Kc3 b4+ 38. Kb2 c4 39. axb4 axb4
40. Kc2 Kd6 41. Kc1 Kc5 42. h3 c3 43. Nb1 Be4 44. g4 Kc4 45. g5 b3 46. Na3+ Kb4
47. Nc2+ Bxc2 48. h4 Be4 49. h5 b2+ 0-1

[Event "SC Hansa Dortmund 2 - SV Welper 1"]
[Site "Regionalliga 2017/2018"]
[Date "2018.02.11"]
[Round "6.1"]
[White "Fuellgrabe, Thomas"]
[Black "Sundorf, Jannik"]
[Result "1/2-1/2"]
[WhiteElo "2223"]
[BlackElo "2113"]
[PlyCount "63"]
[EventDate "2018.??.??"]

1. e4 c5 2. Nf3 g6 3. d4 cxd4 4. Qxd4 Nf6 5. Nc3 Nc6 6. Qa4 d6 7. e5 dxe5 8.
Nxe5 Bd7 9. Nxd7 Qxd7 10. Be3 Bg7 11. Rd1 Qc8 12. Be2 O-O 13. O-O Rd8 14. Rxd8+
Qxd8 15. Rd1 Qc8 16. Nb5 Ne8 17. c3 a6 18. Nd4 Nxd4 19. Bxd4 Bxd4 20. Qxd4 Nd6
21. c4 Qe6 22. Bf3 Qxc4 23. Qxc4 Nxc4 24. Rd7 Nxb2 25. Rxe7 Rc8 26. h3 Rc1+ 27.
Kh2 Rc5 28. Rxb7 Nd3 29. Be2 Nc1 30. Bxa6 Nxa2 31. Rd7 Nc3 32. Bb7 1/2-1/2